| 000 | 01003nam a22003257a 4500 | ||
|---|---|---|---|
| 003 | CHAP | ||
| 005 | 20220329140309.0 | ||
| 008 | 971013s1987 r 00010 d | ||
| 010 | _a49941 | ||
| 011 | _a50913 | ||
| 035 | _a55063 | ||
| 040 | _cCHAP | ||
| 082 |
_a336.340972 _bR6 |
||
| 100 | 0 | 0 |
_aRodríguez, Flavia. _998993 |
| 245 | _aDeuda externa, tipo de cambio y precios | ||
| 260 |
_aMéxico, D. F. : _bCEMLA, _c1987 |
||
| 300 | _ac.a. 30 h. | ||
| 490 |
_aCuadernos de investigación _v; 21 |
||
| 590 |
_aBATCH-UPD _b10 _c20130110 _lUCH01 _h0709 |
||
| 590 |
_aBATCH-UPD _b10 _c20130410 _lUCH01 _h0355 |
||
| 590 |
_aBATCH-UPD _b10 _c20130914 _lUCH01 _h0821 |
||
| 590 |
_aCONVERSION _b10 _c20130109 _lUCH01 _h1327 |
||
| 650 | 1 | 4 |
_aCambio internacional. _917785 |
| 650 | 1 | 4 |
_aDeuda pública. _932222 |
| 650 | 1 | 4 |
_aPrecios. _991344 |
| 830 | 0 |
_aCuadernos de investigación _v; 21 _929789 |
|
| 901 | _aBK | ||
| 942 | _cLIBRO | ||
| 949 |
_a336.340972 R6 _bBC _cLIBRO _d33724000339636 _eLIBRO _h73237 _i55063 _si |
||
| 999 |
_c49941 _d49941 |
||